Cotton manufacturing in the Southeast : an historical analysis.

Bibliographic Details
Main Author: Blicksilver, Jack, 1926-
Format: Book
Language:English
Published: Atlanta : Bureau of Business and Economic Research, School of Business Administration, Georgia State College of Business Administration, 1959.
Series:Studies in business and economics. Bulletin ; no. 5.
Subjects:

MARC

Tag First Indicator Second Indicator Subfields
LEADER 00000cam a2200000 4500
001 in00000238921
005 20151009091943.0
008 750811s1959 gau b s00000 eng
010 |a  60063022  
035 |a (OCoLC)01533369 
035 |9 ABA5211AM 
040 |c NYG  |d TXA  |d UtOrBLW 
049 |a TXAM  |c [437627] 
050 0 0 |a HD9877.A2  |b B6 
082 0 |a 338.4767721 
100 1 |a Blicksilver, Jack,  |d 1926- 
245 1 0 |a Cotton manufacturing in the Southeast :  |b an historical analysis. 
264 1 |a Atlanta :  |b Bureau of Business and Economic Research, School of Business Administration, Georgia State College of Business Administration,  |c 1959. 
300 |a viii, 176 pages ;  |c 23 cm. 
336 |a text  |b txt  |2 rdacontent 
337 |a unmediated  |b n  |2 rdamedia 
338 |a volume  |b nc  |2 rdacarrier 
490 1 |a Bureau of Business and Economic Research, Georgia State College of Business Administration. Studies in business and economics, bulletin no. 5 
504 |a Includes bibliographical references. 
650 0 |a Cotton trade  |z Southern States. 
830 0 |a Studies in business and economics.  |p Bulletin ;  |v no. 5. 
999 |a MARS 
999 f f |s 414eed33-513d-3297-b7ba-3bdc2adc03be  |i ae55efc3-27f3-3253-9d3c-96cbb649f947  |t 0 
952 f f |p ric  |a Texas A&M University  |b Rellis Campus  |c Joint Library Facility  |d Remote Storage  |t 0  |e HD9877.A2 B6  |h Library of Congress classification  |i unmediated -- volume  |m A14802742207 
998 f f |a HD9877.A2 B6  |t 0  |l Remote Storage